John B. Floyd papers, (Record no. 40775)

MARC details
000 -LEADER
fixed length control field 00999cpcaa2200277 4500
001 - CONTROL NUMBER
control field mm 79001415
003 - CONTROL NUMBER IDENTIFIER
control field DLC
005 - DATE AND TIME OF LATEST TRANSACTION
control field 20260227111636.0
008 - FIXED-LENGTH DATA ELEMENTS--GENERAL INFORMATION
fixed length control field 790521|||||||||||| eng
010 ## - LIBRARY OF CONGRESS CONTROL NUMBER
LC control number mm 79001415
040 ## - CATALOGING SOURCE
Original cataloging agency DLC
Transcribing agency DLC
Description conventions dacs
Modifying agency DLC
072 #7 - SUBJECT CATEGORY CODE
Subject category code N
Source lcmd
100 1# - MAIN ENTRY--PERSONAL NAME
Personal name Floyd, John B.
Fuller form of name (John Buchanan),
Dates associated with a name 1806-1863.
245 00 - TITLE STATEMENT
Title John B. Floyd papers,
Inclusive dates 1832-1861.
300 ## - PHYSICAL DESCRIPTION
Extent 4
Type of unit items.
506 0# - RESTRICTIONS ON ACCESS NOTE
Terms governing access Open to research.
545 0# - BIOGRAPHICAL OR HISTORICAL DATA
Biographical or historical data Governor of Virginia, U.S. secretary of war, and Confederate army officer.
546 ## - LANGUAGE NOTE
Language note Collection material in English.
580 ## - LINKING ENTRY COMPLEXITY NOTE
Linking entry complexity note Forms part of: Miscellaneous Manuscripts collection.
656 #7 - INDEX TERM--OCCUPATION
Occupation Army officers, Confederate.
Source of term itoamc
656 #7 - INDEX TERM--OCCUPATION
Occupation Cabinet officers.
Source of term itoamc
656 #7 - INDEX TERM--OCCUPATION
Occupation Governors
Geographic subdivision Virginia.
Source of term itoamc

No items available.

Powered by Koha